Welke plaatsen - Sudden Death - liggen in de provincie Groningen - Statistieken

Algemene statistieken
  • Deze quiz is 100 keer genomen
    38 sinds de laatste reset
  • De gemiddelde score is 16 van 23
Answers on the Grid
Answers color-coded by a green-red scale on the quiz's grid according to % correct below.
Zoutkamp
Grootegast
Oud Gastel
Bedum
Heiligerlee
Zuidhorn
Zuidwolde
Lauwersoog
Delfzijl
Scheemda
Winschoten
Den Oever
Buren
Appingedam
Eemshaven
Valkenswaard
Groningen
Eemshaven
Hoogezand-Sappemeer
Marum
Afferden
Musselkanaal
Nieuweschans
Ter Apel
Tolbert
Oude Pekela
Veendam
Yerseke
Wildervank
Nieuwe Pekela
 
Antwoordstatistieken
Antwoord % Correct
Appingedam
83%
Scheemda
79%
Nieuwe Pekela
75%
Eemshaven
75%
Oude Pekela
75%
Winschoten
75%
Zoutkamp
75%
Bedum
71%
Eemshaven
71%
Groningen
71%
Heiligerlee
71%
Lauwersoog
71%
Musselkanaal
71%
Veendam
71%
Delfzijl
67%
Grootegast
67%
Zuidhorn
67%
Hoogezand-Sappemeer
63%
Nieuweschans
58%
Ter Apel
58%
Wildervank
58%
Tolbert
46%
Marum
42%
Geen overeenkomende quizzen gevonden
Scoreverdeling
Procent van Mensen met Elke Score
Percentiel versus Aantal Correcte Antwoorden
Uw Scoregeschiedenis
U heeft deze quiz nog niet genomen sinds de laatste reset